Religion Quiz

Random Religion or Blitz Quiz

New Testament Blitz Quiz Stats

 Plays Quiz Updated Feb 7, 2020

     
Support Sporcle.
Go Orange.
Score 0/27 Timer 01:00
2 Plays Today
New Testament Books % Correct
John
96.3%
Luke
94.4%
Mark
94.3%
Matthew
94%
Acts
81.7%
Romans
73.3%
Revelation to John
65.6%
1 Corinthians
61.5%
2 Corinthians
59.5%
1 John
55.2%
2 John
54.8%
Ephesians
51.7%
Galatians
51.3%
3 John
51.1%
New Testament Books % Correct
1 Peter
45.2%
Jude
45.1%
Colossians
44.1%
2 Peter
43.5%
1 Timothy
41.7%
2 Timothy
39.4%
James
39.4%
Hebrews
39.4%
Titus
39.3%
Philippians
37.9%
1 Thessalonians
34.4%
Philemon
33.1%
2 Thessalonians
32.1%

From the Vault

Same Name as a Cartoon Character IV

by ghcgh

Look hard enough and some of these celebrities and cartoons actually start to look alike.
Remove Ads.
Support Sporcle.
Get the best of Sporcle when you Go Orange. This ad-free experience offers more features, more stats, and more fun while also helping to support Sporcle. Thank you for becoming a member.

Show Comments

Extras

Top Quizzes Today


Score Distribution

Your Account Isn't Verified!

In order to create a playlist on Sporcle, you need to verify the email address you used during registration. Go to your Sporcle Settings to finish the process.

Report this User

Report this user for behavior that violates our Community Guidelines.

Details: